Návrh IP kamerového systému

Saved in:
Bibliographic Details
Main Author: Kvačkaj, Michal, 1988- (Author)
Other Authors: Miksa, František, 1970- (Thesis advisor)
Format: Manuscript Book
Language:Slovak
Published: Trnava : STU v Bratislave MTF UIAM, 2014
Subjects:
Online Access:VAIS
Tags: Add Tag
No Tags, Be the first to tag this record!

MARC

LEADER 00000ntm a22000003a 4500
001 stu293196
005 20150617230317.8
008 140708s2014----xo------------------slo-d
040 |a STU  |b slo 
041 0 |a slo 
044 |a xo 
100 1 |a Kvačkaj, Michal,  |d 1988-  |4 aut  |u M  |T MTF Materiálovotechnologická fakulta  |X 51360  |U M  |Y 60  |7 A000051360 
242 0 0 |a Proposal for an IP camera system  |y eng 
245 1 |a Návrh IP kamerového systému 
260 |a Trnava :  |b STU v Bratislave MTF UIAM,  |c 2014 
300 |a 47s  |c CD 
650 7 |a aplikovaná informatika a automatizácia v priemysle  |2 stusub 
650 7 |a Applied Informatics and Automation in Industry  |2 estusub 
650 7 |a data processing  |2 estusub 
650 7 |a zabezpečenie  |2 stusub 
700 1 |a Miksa, František,  |d 1970-  |4 ths  |u M6000  |U MTF Materiálovotechnologická fakulta  |T MTF Ústav aplikovanej informatiky, automatizácie a matematiky  |X 2760  |U M6000  |Y 86  |7 A000002760 
856 4 |a info a plný text  |u http://is.stuba.sk/zp/portal_zp.pl?podrobnosti=96576  |3 VAIS 
996 |c M*BP-6692  |l MMSKP  |s P  |a 0  |w stu293196_0001